Cedar Point Roller Coaster by its tagline... - Statistics

General Stats
  • This quiz has been taken 463 times
  • The average score is 10 of 18
Answer Stats
Tagline Roller Coaster % Correct
"Who Will Win? Red Or Blue?" Gemini
87%
"The Must-Ride Classic" Blue Streak
81%
"Thrills Start At The Gate" Gatekeeper
81%
"Mine For Thrills" Cedar Creek Mine Ride
80%
"The Old West Was Never This Wild" Maverick
75%
"The Tallest, Fastest, Longest Dive Coaster In The United States" Valravn
71%
"The Future Is Riding On It" Millennium Force
64%
"Swing, Sway, Swoop" Iron Dragon
54%
"Rules The Sky" Raptor
54%
"Saddle Up For The Ride Of Your Life" Steel Vengeance
53%
"Race For The Sky" Top Thrill Dragster
53%
"See It To Believe It" Magnum XL-200
46%
"It Feeds On Screams" Rougarou
44%
"Flash Those Nerves Of Steel" Corkscrew
40%
"Start Your Coaster Training" Wilderness Run
32%
"Hop On For A Crazy Ride!" Woodstock Express
24%
"Break The Scream Barrier" Wicked Twister
23%
"Hills That Bring Family Thrills" Pipe Scream
14%
No matching quizzes found
Score Distribution
Percent of People with Each Score
Percentile by Number Answered
Your Score History
You have not taken this quiz